| 000 | 01579cam a2200361 a 4500 | ||
|---|---|---|---|
| 001 | 16936709 | ||
| 005 | 20140903113008.0 | ||
| 008 | 110826s2011 njua 001 0 eng | ||
| 010 | _a 2011284174 | ||
| 015 |
_aGBB0B0397 _2bnb |
||
| 016 | 7 |
_a015649149 _2Uk |
|
| 020 | _a9780470915844 | ||
| 020 | _a0470915846 | ||
| 035 | _a(OCoLC)ocn662400217 | ||
| 040 |
_aUKM _cUKM _dBTCTA _dYDXCP _dBKX _dVP@ _dTWJ _dCDX _dDMZ _dDLC |
||
| 042 | _alccopycat | ||
| 050 | 0 | 0 |
_aHF 5718.22 _b.S35 2011 |
| 082 | 0 | 4 | _a658.4/52 |
| 100 | 1 | _aSchwertly, Scott. | |
| 245 | 1 | 0 |
_aHow to be a presentation god : _bbuild, design, and deliver presentations that dominate! / _cScott Schwertly. |
| 260 |
_aHoboken, NJ : _bWiley, _cc2011. |
||
| 300 |
_axii, 260 p. : _bill. ; _c23 cm. |
||
| 500 | _aIncludes index. | ||
| 520 | _a"You'll find proven and effective step-by-step secrets for delivering transcendent presentations with an easy-to- implement approach focused on engaging content, personal storytelling, and effective design elements" -- Book jacket. | ||
| 521 | _aGE | ||
| 650 | 0 | _aBusiness presentations. | |
| 856 | 4 | 2 |
_3Contributor biographical information _uhttp://www.loc.gov/catdir/enhancements/fy1201/2011284174-b.html |
| 856 | 4 | 2 |
_3Publisher description _uhttp://www.loc.gov/catdir/enhancements/fy1201/2011284174-d.html |
| 856 | 4 | 1 |
_3Table of contents only _uhttp://www.loc.gov/catdir/enhancements/fy1201/2011284174-t.html |
| 906 |
_a7 _bcbc _ccopycat _d2 _encip _f20 _gy-gencatlg |
||
| 942 |
_2lcc _cBK _kFOR |
||
| 999 |
_c275367 _d275367 |
||